| 000 | 00571nam a2200193 i 4500 | ||
|---|---|---|---|
| 001 | 41697 | ||
| 003 | ES-MaACL | ||
| 005 | 20230906160458.0 | ||
| 007 | t| | ||
| 008 | 030311q1947 sp ||||1| spa d | ||
| 100 | 1 |
_aCasson, Herbert N. _936374 |
|
| 245 | 1 | 3 |
_aEl don de gentes / _cHerbert N. Casson. |
| 260 |
_a[Barcelona : _bArs, _c1947?] ( _fC. Casacuberta) |
||
| 300 |
_a52 p. : _bil. ; _c21 cm. |
||
| 490 | 1 |
_aCuadernos de eficiencia ; _v9 |
|
| 830 | 0 |
_aCuadernos de eficiencia ; _v9 _9229801 |
|
| 852 |
_aES-MaACL _j1778-F-21 _bR.26250 |
||
| 999 |
_c41697 _d41697 |
||